00583nam a22001697a 4500999001900000005001700019010001300036035001300049037003600062082001000098100002400108245006200132260005300194300002300247942002400270952011900294 c158778d15877820181114121659.0 aB-158683 aB-158683 bA. P. H. Publishing Corporation a370.9 aSingh, Yogesh Kumar aHistory of Indian education system/bycYogesh Kumar Singh aNew DelhibA. P. H. Publishing Corporationc2005 a279p. c22cm (hbk) 2ddccENh370.9mYOG 001040708NFICaZLSbZLSd2018-11-14l3m2o370.9 YOGpB-158683r2022-06-03 00:00:00s2022-05-06w2018-11-14yEN